Process management methodology brings uniformity to DBS.
Popis programu na komplexné zvýšenie akosti produkcie uplatnením metodiky zv. riadenia procesov. Vychádza z princípov, ktoré uplatnila IBM Corporation v 80. rokoch. Modifikovaná metodika pozostáva z 8 fáz (nadväzných aktivít) od identifikácie priorít, cez overenie cieľov procesu, až po jeho pretvore...
Gespeichert in:
| 1. Verfasser: | |
|---|---|
| Format: | Buchkapitel |
| Sprache: | Englisch |
| Schlagworte: | |
| Tags: |
Keine Tags, Fügen Sie das erste Tag hinzu!
|
MARC
| LEADER | 00000naa a2200000 4500 | ||
|---|---|---|---|
| 001 | r011858 | ||
| 005 | 20220913122605.6 | ||
| 041 | 0 | |a eng | |
| 044 | |a US | ||
| 245 | 1 | 0 | |a Process management methodology brings uniformity to DBS. |c E.J. Kane |
| 520 | |a Popis programu na komplexné zvýšenie akosti produkcie uplatnením metodiky zv. riadenia procesov. Vychádza z princípov, ktoré uplatnila IBM Corporation v 80. rokoch. Modifikovaná metodika pozostáva z 8 fáz (nadväzných aktivít) od identifikácie priorít, cez overenie cieľov procesu, až po jeho pretvorenie a zhodnotenie výsledkov. Úlohy pri implementácii jednotlivých fáz. | ||
| 610 | 2 | 0 | |a kvalita |
| 610 | 2 | 0 | |a výroba |
| 610 | 2 | 0 | |a metodika |
| 610 | 2 | 0 | |a softvér |
| 610 | 2 | 0 | |a riadenie kvality |
| 610 | 2 | 0 | |a proces výrobný |
| 610 | 2 | 0 | |a riadenie procesné |
| 100 | 1 | |a Kane, E.J. | |